[Event "World Chess Olympiad 2018"]
[Site "Batumi"]
[Date "2018.09.25"]
[Round "2"]
[Board "1"]
[WhiteFideId "9400346"]
[White "Al Qudaimi Basheer"]
[BlackFideId "32500084"]
[Black "Deng Cypriano Rehan"]
[Result "1-0"]
[LiveChessVersion "1.4.8"]
[BlackElo "2095"]
[WhiteElo "2419"]

1. e4 {[%clk 1:29:34]} e5 {[%clk 1:30:52]} 2. Nf3 {[%clk 1:28:24]} Nf6
{[%clk 1:31:13]} 3. Nc3 {[%clk 1:28:19]} d6 {[%clk 1:29:19]} 4. d4
{[%clk 1:22:14]} exd4 {[%clk 1:29:27]} 5. Nxd4 {[%clk 1:22:28]} Be7
{[%clk 1:29:47]} 6. g3 {[%clk 1:18:57]} Bg4 {[%clk 1:26:51]} 7. f3
{[%clk 1:19:20]} Bd7 {[%clk 1:27:11]} 8. Bg2 {[%clk 1:19:42]} Nc6
{[%clk 1:27:23]} 9. Nde2 {[%clk 1:17:39]} h5 {[%clk 1:14:58]} 10. h3
{[%clk 1:17:33]} Ne5 {[%clk 1:03:32]} 11. f4 {[%clk 1:17:21]} Nc6
{[%clk 0:58:27]} 12. Be3 {[%clk 1:16:01]} Be6 {[%clk 0:53:30]} 13. Nd5
{[%clk 1:13:41]} Qd7 {[%clk 0:44:23]} 14. c4 {[%clk 1:10:28]} Kf8
{[%clk 0:37:14]} 15. Rc1 {[%clk 1:09:03]} b6 {[%clk 0:36:39]} 16. Nxf6
{[%clk 1:07:52]} Bxf6 {[%clk 0:35:35]} 17. f5 {[%clk 1:08:11]} Bxf5
{[%clk 0:34:47]} 18. exf5 {[%clk 1:08:26]} Re8 {[%clk 0:35:05]} 19. Qd2
{[%clk 1:05:34]} Bxb2 {[%clk 0:23:04]} 20. Qxb2 {[%clk 1:02:35]} Rxe3
{[%clk 0:22:46]} 21. O-O {[%clk 1:00:06]} Qe8 {[%clk 0:21:25]} 22. Rc2
{[%clk 0:41:27]} Ne5 {[%clk 0:19:52]} 23. Qd4 {[%clk 0:40:11]} Ra3
{[%clk 0:16:56]} 24. Nc3 {[%clk 0:37:00]} Kg8 {[%clk 0:15:58]} 25. Kh2
{[%clk 0:35:04]} a6 {[%clk 0:14:12]} 26. Qe4 {[%clk 0:31:03]} Kh7
{[%clk 0:11:17]} 27. Rf4 {[%clk 0:30:16]} Kg8 {[%clk 0:08:01]} 28. f6
{[%clk 0:28:11]} g6 {[%clk 0:04:43]} 29. Nd5 {[%clk 0:27:11]} Rh6
{[%clk 0:03:29]} 30. Nxc7 {[%clk 0:26:44]} Qc8 {[%clk 0:02:45]} 31. Qb7
{[%clk 0:25:25]} Qxb7 {[%clk 0:02:33]} 32. Bxb7 {[%clk 0:25:53]} g5
{[%clk 0:02:24]} 33. Rf5 {[%clk 0:25:32]} g4 {[%clk 0:02:51]} 34. h4
{[%clk 0:25:33]} Nd7 {[%clk 0:01:41]} 35. Nd5 {[%clk 0:23:31]} Nc5
{[%clk 0:01:10]} 36. Bc6 {[%clk 0:23:16]} Kh7 {[%clk 0:01:08]} 37. Ne7
{[%clk 0:22:56]} Re3 {[%clk 0:00:50]} 38. Bd5 {[%clk 0:22:07]} Nd3
{[%clk 0:00:45]} 39. Bxf7 {[%clk 0:21:46]} Ne1 {[%clk 0:01:05]} 40. Bg8+
{[%clk 0:51:05]} Kh8 {[%clk 0:30:55]} 41. f7 {[%clk 0:49:33]} 1-0

[Event "World Chess Olympiad 2018"]
[Site "Batumi"]
[Date "2018.09.25"]
[Round "2"]
[Board "2"]
[WhiteFideId "32500122"]
[White "Deng Khor Kuol Michael"]
[BlackFideId "9400249"]
[Black "Al-Zendani Zendan"]
[Result "0-1"]
[LiveChessVersion "1.4.8"]
[BlackElo "2301"]
[WhiteElo "2000"]

1. c4 {[%clk 1:24:32]} e5 {[%clk 1:30:11]} 2. Nc3 {[%clk 1:23:36]} Nc6
{[%clk 1:29:32]} 3. g3 {[%clk 1:20:29]} g6 {[%clk 1:24:46]} 4. Bg2
{[%clk 1:20:22]} Bg7 {[%clk 1:25:11]} 5. e3 {[%clk 1:15:54]} Nge7
{[%clk 1:25:29]} 6. Nge2 {[%clk 1:15:23]} Nf5 {[%clk 1:20:54]} 7. b3
{[%clk 1:10:05]} O-O {[%clk 1:21:05]} 8. O-O {[%clk 1:10:30]} Re8
{[%clk 1:15:56]} 9. Bb2 {[%clk 1:09:53]} d6 {[%clk 1:14:16]} 10. a3
{[%clk 1:08:19]} Be6 {[%clk 1:06:57]} 11. Qc2 {[%clk 1:05:36]} Rb8
{[%clk 1:04:51]} 12. Rad1 {[%clk 1:05:38]} h5 {[%clk 0:46:41]} 13. h3
{[%clk 0:53:21]} Nce7 {[%clk 0:28:49]} 14. Nd5 {[%clk 0:51:17]} c6
{[%clk 0:27:43]} 15. Nxe7+ {[%clk 0:48:42]} Qxe7 {[%clk 0:28:07]} 16. d4
{[%clk 0:47:31]} Rec8 {[%clk 0:25:13]} 17. c5 {[%clk 0:32:27]} exd4
{[%clk 0:21:39]} 18. cxd6 {[%clk 0:30:12]} Qxd6 {[%clk 0:21:04]} 19. e4
{[%clk 0:29:52]} c5 {[%clk 0:19:40]} 20. exf5 {[%clk 0:30:04]} Bxf5
{[%clk 0:19:59]} 21. Qd2 {[%clk 0:24:44]} Rd8 {[%clk 0:17:35]} 22. Rfe1
{[%clk 0:22:52]} Rd7 {[%clk 0:16:12]} 23. Nf4 {[%clk 0:20:26]} b5
{[%clk 0:15:13]} 24. Be4 {[%clk 0:08:47]} Bxe4 {[%clk 0:15:37]} 25. Rxe4
{[%clk 0:08:25]} Rbd8 {[%clk 0:08:32]} 26. Qe2 {[%clk 0:04:57]} Qb8
{[%clk 0:08:43]} 27. Nd3 {[%clk 0:04:20]} c4 {[%clk 0:08:06]} 28. Nc5
{[%clk 0:04:40]} Rd5 {[%clk 0:05:57]} 29. b4 {[%clk 0:04:23]} Kh7
{[%clk 0:05:01]} 30. Re7 {[%clk 0:04:35]} Re5 {[%clk 0:01:43]} 31. Rxe5
{[%clk 0:04:51]} Bxe5 {[%clk 0:01:50]} 32. Qe4 {[%clk 0:04:26]} f5
{[%clk 0:01:09]} 33. Qb7+ {[%clk 0:03:50]} Qxb7 {[%clk 0:01:19]} 34. Nxb7
{[%clk 0:04:15]} Rd5 {[%clk 0:01:06]} 35. Nc5 {[%clk 0:04:06]} d3
{[%clk 0:00:47]} 36. Bc1 {[%clk 0:02:52]} Bc3 {[%clk 0:00:57]} 37. Be3
{[%clk 0:03:09]} Bb2 {[%clk 0:01:02]} 38. a4 {[%clk 0:01:35]} Bc3
{[%clk 0:01:05]} 39. Bd2 {[%clk 0:01:48]} Bb2 {[%clk 0:00:51]} 40. Be3
{[%clk 0:32:01]} bxa4 {[%clk 0:30:52]} 41. Nxa4 {[%clk 0:32:20]} Ba3
{[%clk 0:21:41]} 42. Bd2 {[%clk 0:29:36]} Rb5 {[%clk 0:21:25]} 43. Nc3
{[%clk 0:17:47]} Rxb4 {[%clk 0:20:35]} 44. Rb1 {[%clk 0:15:27]} a5
{[%clk 0:19:45]} 45. Kf1 {[%clk 0:15:13]} a4 {[%clk 0:14:06]} 46. Ke1
{[%clk 0:15:28]} Rxb1+ {[%clk 0:07:10]} 47. Nxb1 {[%clk 0:15:56]} Bb2
{[%clk 0:07:30]} 48. Bc3 {[%clk 0:15:09]} Bxc3+ {[%clk 0:07:31]} 49. Nxc3
{[%clk 0:15:36]} a3 {[%clk 0:07:55]} 50. Kd1 {[%clk 0:12:51]} h4 {[%clk 0:06:30]}
51. Kc1 {[%clk 0:13:03]} hxg3 {[%clk 0:06:14]} 52. fxg3 {[%clk 0:13:31]} g5
{[%clk 0:06:28]} 53. Kb1 {[%clk 0:10:30]} f4 {[%clk 0:06:31]} 54. gxf4
{[%clk 0:10:46]} gxf4 {[%clk 0:06:55]} 55. Ka2 {[%clk 0:10:57]} f3
{[%clk 0:06:31]} 56. Nd1 {[%clk 0:11:24]} c3 {[%clk 0:06:42]} 0-1

[Event "World Chess Olympiad 2018"]
[Site "Batumi"]
[Date "2018.09.25"]
[Round "2"]
[Board "1"]
[WhiteFideId "1950711"]
[White "Monteiro Antonio"]
[BlackFideId "3303187"]
[Black "Aguilar Luis Miguel"]
[Result "0-1"]
[LiveChessVersion "1.4.8"]
[BlackElo "2203"]
[WhiteElo "1877"]

1. d4 {[%clk 1:30:56]} c5 {[%clk 1:30:42]} 2. d5 {[%clk 1:31:03]} Nf6
{[%clk 1:29:04]} 3. c4 {[%clk 1:30:36]} e6 {[%clk 1:27:40]} 4. Nc3
{[%clk 1:30:05]} exd5 {[%clk 1:27:59]} 5. cxd5 {[%clk 1:30:19]} g6
{[%clk 1:28:01]} 6. e4 {[%clk 1:29:49]} d6 {[%clk 1:27:58]} 7. Bb5+
{[%clk 1:29:17]} Nbd7 {[%clk 1:13:40]} 8. Nf3 {[%clk 1:19:24]} a6
{[%clk 1:11:40]} 9. Be2 {[%clk 1:17:55]} b5 {[%clk 1:11:17]} 10. a3
{[%clk 1:17:34]} Bg7 {[%clk 1:07:24]} 11. Qc2 {[%clk 1:15:21]} O-O
{[%clk 1:05:31]} 12. O-O {[%clk 1:14:37]} Re8 {[%clk 0:59:21]} 13. Nd2
{[%clk 1:12:35]} Bb7 {[%clk 0:48:53]} 14. Re1 {[%clk 1:06:51]} Rc8
{[%clk 0:45:45]} 15. Qb1 {[%clk 1:02:48]} c4 {[%clk 0:43:58]} 16. Nf1
{[%clk 0:57:24]} Nc5 {[%clk 0:40:56]} 17. Nd2 {[%clk 0:41:06]} Rc7
{[%clk 0:29:22]} 18. f3 {[%clk 0:38:25]} Rce7 {[%clk 0:28:42]} 19. b4
{[%clk 0:32:20]} cxb3 {[%clk 0:24:04]} 20. Nxb3 {[%clk 0:25:40]} Nxd5
{[%clk 0:12:32]} 21. Nxd5 {[%clk 0:22:46]} Bxd5 {[%clk 0:12:55]} 22. Nxc5
{[%clk 0:20:48]} dxc5 {[%clk 0:04:39]} 23. Rd1 {[%clk 0:19:35]} Bd4+
{[%clk 0:03:35]} 24. Rxd4 {[%clk 0:15:05]} cxd4 {[%clk 0:03:59]} 25. Bg5
{[%clk 0:14:40]} Qb6 {[%clk 0:03:57]} 26. Bxe7 {[%clk 0:08:38]} Rxe7
{[%clk 0:01:31]} 27. Bd3 {[%clk 0:07:33]} Be6 {[%clk 0:01:45]} 28. Qb2
{[%clk 0:06:54]} Rc7 {[%clk 0:02:04]} 29. Rc1 {[%clk 0:06:53]} Rc3
{[%clk 0:02:23]} 30. Rd1 {[%clk 0:05:30]} Qc5 {[%clk 0:01:56]} 31. Qb4
{[%clk 0:05:12]} Qxb4 {[%clk 0:01:45]} 32. axb4 {[%clk 0:05:41]} Rb3
{[%clk 0:02:05]} 33. Kf2 {[%clk 0:04:19]} Rxb4 {[%clk 0:01:59]} 34. Ra1
{[%clk 0:04:15]} Rb2+ {[%clk 0:01:19]} 35. Kf1 {[%clk 0:03:43]} Bc4
{[%clk 0:00:49]} 36. Bxc4 {[%clk 0:03:45]} bxc4 {[%clk 0:01:15]} 37. Rxa6
{[%clk 0:03:49]} c3 {[%clk 0:01:11]} 38. Rc6 {[%clk 0:03:35]} c2 {[%clk 0:00:46]}
39. Ke1 {[%clk 0:03:05]} Rb1+ {[%clk 0:01:03]} 40. Kd2 {[%clk 0:03:22]} d3
{[%clk 0:01:27]} 41. g4 {[%clk 0:02:13]} Rd1+ {[%clk 0:01:44]} 0-1

[Event "World Chess Olympiad 2018"]
[Site "Batumi"]
[Date "2018.09.25"]
[Round "2"]
[Board "2"]
[WhiteFideId "3304094"]
[White "Bolanos Fernando"]
[BlackFideId "1928112"]
[Black "Pereira Eder Marcio"]
[Result "1-0"]
[LiveChessVersion "1.4.8"]
[BlackElo "1781"]
[WhiteElo "2215"]

1. e4 {[%clk 1:30:58]} e6 {[%clk 1:30:04]} 2. d4 {[%clk 1:31:21]} d5
{[%clk 1:30:19]} 3. e5 {[%clk 1:31:47]} c5 {[%clk 1:29:37]} 4. c3
{[%clk 1:32:11]} Qb6 {[%clk 1:29:20]} 5. Nf3 {[%clk 1:32:29]} Nc6
{[%clk 1:29:21]} 6. a3 {[%clk 1:32:54]} Nh6 {[%clk 1:24:36]} 7. b4
{[%clk 1:31:46]} cxd4 {[%clk 1:22:26]} 8. cxd4 {[%clk 1:32:14]} Nf5
{[%clk 1:22:28]} 9. Be3 {[%clk 1:32:30]} Be7 {[%clk 1:21:35]} 10. Bd3
{[%clk 1:31:50]} O-O {[%clk 1:16:38]} 11. Nc3 {[%clk 1:30:21]} Nxe3
{[%clk 1:14:35]} 12. fxe3 {[%clk 1:30:45]} f5 {[%clk 1:14:52]} 13. exf6
{[%clk 1:22:49]} Bxf6 {[%clk 1:14:00]} 14. O-O {[%clk 1:23:02]} Bd7
{[%clk 1:11:22]} 15. Rc1 {[%clk 1:22:35]} Ne7 {[%clk 1:05:46]} 16. b5
{[%clk 1:08:46]} Qa5 {[%clk 0:58:32]} 17. Qa4 {[%clk 0:58:02]} Qb6
{[%clk 0:57:08]} 18. Qb3 {[%clk 0:46:33]} Qd6 {[%clk 0:52:28]} 19. Kh1
{[%clk 0:43:05]} e5 {[%clk 0:40:47]} 20. Ne4 {[%clk 0:40:50]} Qb6
{[%clk 0:37:24]} 21. Nc5 {[%clk 0:39:03]} Bg4 {[%clk 0:31:54]} 22. dxe5
{[%clk 0:35:11]} Bxe5 {[%clk 0:26:50]} 23. Nxe5 {[%clk 0:32:51]} Rxf1+
{[%clk 0:23:35]} 24. Bxf1 {[%clk 0:28:45]} Rc8 {[%clk 0:21:28]} 25. Nxg4
{[%clk 0:21:17]} Rxc5 {[%clk 0:21:21]} 26. Re1 {[%clk 0:09:28]} Qe6
{[%clk 0:17:43]} 27. Nf2 {[%clk 0:08:30]} Qf5 {[%clk 0:17:24]} 28. Nd3
{[%clk 0:08:43]} Rc4 {[%clk 0:15:40]} 29. Nf4 {[%clk 0:07:31]} Rc8
{[%clk 0:13:02]} 30. Qb4 {[%clk 0:05:33]} Ng6 {[%clk 0:12:32]} 31. Bd3
{[%clk 0:05:34]} Qg5 {[%clk 0:11:54]} 32. Bxg6 {[%clk 0:04:58]} hxg6
{[%clk 0:11:32]} 33. Qd4 {[%clk 0:05:12]} a6 {[%clk 0:07:15]} 34. bxa6
{[%clk 0:03:49]} bxa6 {[%clk 0:07:32]} 35. Qxd5+ {[%clk 0:04:11]} Qxd5
{[%clk 0:07:50]} 36. Nxd5 {[%clk 0:04:36]} Kf7 {[%clk 0:07:46]} 37. Kg1
{[%clk 0:04:13]} Ke6 {[%clk 0:08:00]} 38. e4 {[%clk 0:03:21]} Rc2
{[%clk 0:08:02]} 39. Nb4 {[%clk 0:03:41]} Rc3 {[%clk 0:07:19]} 40. Nxa6
{[%clk 0:03:55]} Rxa3 {[%clk 0:07:36]} 41. Nb4 {[%clk 0:03:30]} Rb3
{[%clk 0:07:29]} 42. Nc2 {[%clk 0:03:52]} Rc3 {[%clk 0:06:34]} 43. Nd4+
{[%clk 0:04:01]} Ke5 {[%clk 0:06:45]} 44. Nf3+ {[%clk 0:04:25]} 1-0

[Event "World Chess Olympiad 2018"]
[Site "Batumi"]
[Date "2018.09.25"]
[Round "2"]
[Board "3"]
[WhiteFideId "23600110"]
[White "Barros Luis"]
[BlackFideId "3303144"]
[Black "Pinto Daniel"]
[Result "0-1"]
[LiveChessVersion "1.4.8"]
[BlackElo "2131"]
[WhiteElo "1774"]

1. e4 {[%clk 1:30:55]} c5 {[%clk 1:30:06]} 2. Nf3 {[%clk 1:31:00]} Nc6
{[%clk 1:30:30]} 3. c3 {[%clk 1:30:13]} Nf6 {[%clk 1:30:27]} 4. Bd3
{[%clk 1:30:12]} e5 {[%clk 1:29:28]} 5. Bc2 {[%clk 1:30:12]} d5 {[%clk 1:29:26]}
6. exd5 {[%clk 1:29:18]} Qxd5 {[%clk 1:29:46]} 7. h3 {[%clk 1:25:10]} e4
{[%clk 1:26:18]} 8. Qe2 {[%clk 1:23:30]} Be6 {[%clk 1:24:08]} 9. Nh2
{[%clk 1:23:16]} O-O-O {[%clk 1:22:04]} 10. Na3 {[%clk 1:22:42]} Bd6
{[%clk 1:15:50]} 11. c4 {[%clk 1:15:41]} Qe5 {[%clk 1:15:23]} 12. Nf1
{[%clk 1:14:21]} Nd4 {[%clk 1:13:13]} 13. Qd1 {[%clk 1:12:20]} Nh5
{[%clk 1:12:37]} 14. Ne3 {[%clk 1:09:43]} Nf4 {[%clk 1:12:17]} 15. Nb5
{[%clk 1:07:34]} Bb8 {[%clk 1:11:04]} 16. Nc3 {[%clk 1:06:44]} f5
{[%clk 1:09:53]} 17. b3 {[%clk 1:03:12]} Nxc2+ {[%clk 1:03:55]} 18. Qxc2
{[%clk 1:01:18]} Nd3+ {[%clk 1:04:17]} 19. Ke2 {[%clk 0:59:07]} f4
{[%clk 1:04:36]} 20. Ng4 {[%clk 0:52:03]} f3+ {[%clk 1:01:49]} 21. gxf3
{[%clk 0:51:57]} exf3+ {[%clk 1:02:12]} 22. Kxf3 {[%clk 0:51:34]} Bxg4+
{[%clk 1:02:32]} 23. Kg2 {[%clk 0:45:01]} Bf3+ {[%clk 1:02:26]} 24. Kxf3
{[%clk 0:44:46]} Qf4+ {[%clk 1:02:48]} 25. Ke2 {[%clk 0:43:05]} Rhe8+ 0-1

[Event "World Chess Olympiad 2018"]
[Site "Batumi"]
[Date "2018.09.25"]
[Round "2"]
[Board "4"]
[WhiteFideId "3302105"]
[White "Rozo Paulo"]
[BlackFideId "23600179"]
[Black "Fernandes Luis De Pina"]
[Result "1-0"]
[LiveChessVersion "1.4.8"]
[BlackElo "1654"]
[WhiteElo "2157"]

1. e4 {[%clk 1:30:52]} e6 {[%clk 1:30:36]} 2. d4 {[%clk 1:30:55]} d5
{[%clk 1:30:49]} 3. Nc3 {[%clk 1:30:52]} Nf6 {[%clk 1:30:23]} 4. e5
{[%clk 1:26:47]} Nfd7 {[%clk 1:30:33]} 5. f4 {[%clk 1:26:28]} c5 {[%clk 1:26:20]}
6. Nf3 {[%clk 1:26:18]} Nc6 {[%clk 1:25:11]} 7. Be3 {[%clk 1:14:39]} cxd4
{[%clk 1:23:10]} 8. Nxd4 {[%clk 1:07:19]} Nxd4 {[%clk 1:13:12]} 9. Bxd4
{[%clk 1:07:10]} Bb4 {[%clk 0:50:51]} 10. Bd3 {[%clk 0:34:14]} O-O
{[%clk 0:50:20]} 11. O-O {[%clk 0:31:18]} f5 {[%clk 0:46:40]} 12. exf6
{[%clk 0:30:57]} Nxf6 {[%clk 0:46:46]} 13. Qf3 {[%clk 0:29:20]} b6
{[%clk 0:27:16]} 14. Be5 {[%clk 0:22:31]} Bb7 {[%clk 0:22:06]} 15. Qh3
{[%clk 0:22:32]} Qe7 {[%clk 0:11:28]} 16. Nb5 {[%clk 0:20:16]} Bc5+
{[%clk 0:10:31]} 17. Kh1 {[%clk 0:20:30]} Ne4 {[%clk 0:09:58]} 18. Nc7
{[%clk 0:14:30]} Rac8 {[%clk 0:03:31]} 19. Nxe6 {[%clk 0:13:19]} g6
{[%clk 0:02:47]} 20. Nxf8 {[%clk 0:12:24]} Rxf8 {[%clk 0:02:49]} 21. Bxe4
{[%clk 0:10:19]} dxe4 {[%clk 0:02:58]} 22. Qb3+ {[%clk 0:09:09]} Rf7
{[%clk 0:02:09]} 23. Rfe1 {[%clk 0:05:49]} Bf2 {[%clk 0:01:00]} 24. Re2
{[%clk 0:05:49]} e3 {[%clk 0:01:26]} 25. Rxe3 {[%clk 0:04:28]} Bxe3
{[%clk 0:01:38]} 26. Qxe3 {[%clk 0:04:50]} Qd7 {[%clk 0:01:28]} 27. Qe2
{[%clk 0:04:00]} Qd5 {[%clk 0:01:19]} 28. Rd1 {[%clk 0:03:33]} Qc5
{[%clk 0:00:36]} 29. c3 {[%clk 0:02:40]} Qe7 {[%clk 0:00:39]} 30. Qd3
{[%clk 0:01:33]} Bc6 {[%clk 0:00:42]} 31. Qc4 {[%clk 0:01:47]} Kf8
{[%clk 0:00:59]} 32. Qxc6 1-0

[Event "World Chess Olympiad 2018"]
[Site "Batumi"]
[Date "2018.09.25"]
[Round "2"]
[Board "4"]
[WhiteFideId "8400342"]
[White "Medina Viana Ricardo"]
[BlackFideId "10100431"]
[Black "Oliveira Luciano"]
[Result "0-1"]
[LiveChessVersion "1.4.8"]
[BlackElo "2216"]
[WhiteElo "2048"]

1. d4 {[%clk 1:30:09]} d5 {[%clk 1:30:39]} 2. e3 {[%clk 1:30:19]} Nf6
{[%clk 1:30:40]} 3. Bd3 {[%clk 1:30:20]} Nbd7 {[%clk 1:30:20]} 4. f4
{[%clk 1:30:18]} c5 {[%clk 1:27:38]} 5. c3 {[%clk 1:30:02]} e6 {[%clk 1:27:07]}
6. Nd2 {[%clk 1:28:24]} b6 {[%clk 1:26:52]} 7. Ngf3 {[%clk 1:28:28]} a5
{[%clk 1:27:10]} 8. Qe2 {[%clk 1:28:40]} Bb7 {[%clk 1:25:31]} 9. Ne5
{[%clk 1:26:26]} Be7 {[%clk 1:24:02]} 10. O-O {[%clk 1:25:23]} Qc8
{[%clk 1:18:44]} 11. a4 {[%clk 1:20:25]} O-O {[%clk 1:15:28]} 12. Rf3
{[%clk 1:15:39]} Ne4 {[%clk 1:09:45]} 13. Rh3 {[%clk 1:12:55]} f5
{[%clk 1:03:12]} 14. Ndf3 {[%clk 1:07:10]} Ndf6 {[%clk 0:56:59]} 15. Bd2
{[%clk 1:03:54]} Ba6 {[%clk 0:51:09]} 16. Bb5 {[%clk 0:51:11]} Ng4
{[%clk 0:48:52]} 17. Rf1 {[%clk 0:46:15]} Bxb5 {[%clk 0:42:13]} 18. Qxb5
{[%clk 0:42:04]} c4 {[%clk 0:34:54]} 19. Bc1 {[%clk 0:38:01]} Qc7
{[%clk 0:24:25]} 20. Qd7 {[%clk 0:37:21]} Qxd7 {[%clk 0:22:31]} 21. Nxd7
{[%clk 0:37:22]} Rfd8 {[%clk 0:22:55]} 22. Nde5 {[%clk 0:37:36]} Rdc8
{[%clk 0:20:18]} 23. Nd2 {[%clk 0:24:54]} Ngf6 {[%clk 0:19:35]} 24. Nxe4
{[%clk 0:21:28]} dxe4 {[%clk 0:18:55]} 25. Kh1 {[%clk 0:17:20]} Bd6
{[%clk 0:19:11]} 26. Rg3 {[%clk 0:14:10]} Rab8 {[%clk 0:19:12]} 27. h3
{[%clk 0:11:05]} b5 {[%clk 0:19:33]} 28. axb5 {[%clk 0:11:11]} Nh5
{[%clk 0:16:02]} 29. Rg5 {[%clk 0:11:13]} g6 {[%clk 0:13:09]} 30. Kh2
{[%clk 0:10:03]} Kg7 {[%clk 0:11:31]} 31. g4 {[%clk 0:10:09]} Nf6
{[%clk 0:05:13]} 32. gxf5 {[%clk 0:10:27]} exf5 {[%clk 0:05:37]} 33. Rfg1
{[%clk 0:08:29]} Kf8 {[%clk 0:05:32]} 34. R5g2 {[%clk 0:06:02]} Rxb5
{[%clk 0:05:48]} 35. Rc2 {[%clk 0:04:20]} Bxe5 {[%clk 0:04:12]} 36. fxe5
{[%clk 0:04:24]} Nd5 {[%clk 0:04:29]} 37. Kg2 {[%clk 0:02:16]} Kf7
{[%clk 0:04:47]} 38. Kf2 {[%clk 0:02:46]} Rcb8 {[%clk 0:04:48]} 39. Ke2
{[%clk 0:02:49]} Rb3 {[%clk 0:05:01]} 40. Rf1 {[%clk 0:32:08]} Ke6
{[%clk 0:35:06]} 41. Rg1 {[%clk 0:27:44]} a4 {[%clk 0:34:41]} 42. Kd2
{[%clk 0:27:51]} Rg8 {[%clk 0:32:56]} 43. h4 {[%clk 0:20:29]} h6 {[%clk 0:32:56]}
44. Ke2 {[%clk 0:20:18]} g5 {[%clk 0:31:02]} 45. Bd2 {[%clk 0:12:45]} Rbb8
{[%clk 0:29:10]} 46. hxg5 {[%clk 0:11:28]} hxg5 {[%clk 0:29:30]} 47. Kf2
{[%clk 0:08:42]} f4 {[%clk 0:29:43]} 48. Rg4 {[%clk 0:05:51]} Kf5
{[%clk 0:29:52]} 49. Rg2 {[%clk 0:04:44]} Rh8 {[%clk 0:29:25]} 50. Kg1
{[%clk 0:03:49]} Rh3 {[%clk 0:27:24]} 51. Rh2 {[%clk 0:02:13]} Rbh8
{[%clk 0:25:19]} 52. Bc1 {[%clk 0:01:05]} Rg3+ {[%clk 0:23:04]} 53. Kf1
{[%clk 0:01:07]} Rhh3 {[%clk 0:19:02]} 54. Rcf2 {[%clk 0:01:05]} Nxe3+
{[%clk 0:18:59]} 55. Bxe3 {[%clk 0:01:31]} Rxe3 {[%clk 0:19:19]} 56. Rd2
{[%clk 0:01:52]} Ref3+ {[%clk 0:18:50]} 57. Ke1 {[%clk 0:02:02]} e3
{[%clk 0:19:04]} 58. Rde2 {[%clk 0:01:31]} Rfg3 {[%clk 0:19:17]} 59. Rxh3
{[%clk 0:01:34]} 0-1

[Event "World Chess Olympiad 2018"]
[Site "Batumi"]
[Date "2018.09.25"]
[Round "2"]
[Board "2"]
[WhiteFideId "316385"]
[White "Laznicka Viktor"]
[BlackFideId "14700247"]
[Black "Khusenkhojaev Muhammad"]
[Result "1-0"]
[LiveChessVersion "1.4.8"]
[BlackElo "2430"]
[WhiteElo "2662"]

1. d4 {[%clk 1:30:57]} Nf6 {[%clk 1:30:44]} 2. c4 {[%clk 1:31:24]} g6
{[%clk 1:31:08]} 3. Nc3 {[%clk 1:31:51]} d5 {[%clk 1:31:28]} 4. cxd5
{[%clk 1:32:17]} Nxd5 {[%clk 1:31:51]} 5. e4 {[%clk 1:32:46]} Nxc3
{[%clk 1:32:13]} 6. bxc3 {[%clk 1:33:12]} Bg7 {[%clk 1:32:37]} 7. Bc4
{[%clk 1:33:38]} c5 {[%clk 1:32:54]} 8. Ne2 {[%clk 1:34:02]} Nc6 {[%clk 1:33:16]}
9. Be3 {[%clk 1:33:23]} O-O {[%clk 1:33:36]} 10. O-O {[%clk 1:33:42]} Na5
{[%clk 1:32:19]} 11. Bd3 {[%clk 1:33:56]} e5 {[%clk 1:30:41]} 12. dxe5
{[%clk 1:12:02]} c4 {[%clk 1:24:46]} 13. Bc2 {[%clk 1:12:21]} Bxe5
{[%clk 1:24:53]} 14. Nd4 {[%clk 1:10:41]} Bd7 {[%clk 1:19:33]} 15. f4
{[%clk 1:09:09]} Bg7 {[%clk 1:19:45]} 16. e5 {[%clk 1:09:21]} Qe7
{[%clk 1:11:55]} 17. Qf3 {[%clk 1:07:35]} Rad8 {[%clk 0:41:15]} 18. Be4
{[%clk 0:59:06]} b6 {[%clk 0:41:20]} 19. Rae1 {[%clk 0:58:21]} Bc8
{[%clk 0:26:35]} 20. Bf2 {[%clk 0:56:46]} f5 {[%clk 0:25:10]} 21. Bd5+
{[%clk 0:54:41]} Kh8 {[%clk 0:25:34]} 22. Rd1 {[%clk 0:41:32]} g5
{[%clk 0:24:55]} 23. Ne2 {[%clk 0:41:55]} g4 {[%clk 0:17:12]} 24. Qg3
{[%clk 0:34:53]} Bd7 {[%clk 0:14:12]} 25. Qh4 {[%clk 0:33:23]} Qe8
{[%clk 0:14:41]} 26. Ng3 {[%clk 0:31:18]} Ba4 {[%clk 0:09:14]} 27. Bf7
{[%clk 0:29:21]} Qxf7 {[%clk 0:09:37]} 28. Rxd8 {[%clk 0:29:38]} Nc6
{[%clk 0:09:47]} 29. Rxf8+ {[%clk 0:21:06]} Bxf8 {[%clk 0:09:56]} 30. Re1
{[%clk 0:21:19]} Be7 {[%clk 0:08:59]} 31. Qh5 {[%clk 0:17:41]} Qxh5
{[%clk 0:09:10]} 32. Nxh5 {[%clk 0:18:06]} Bc2 {[%clk 0:07:15]} 33. Re3
{[%clk 0:06:19]} Kg8 {[%clk 0:06:36]} 34. h3 {[%clk 0:06:23]} Kf7
{[%clk 0:06:44]} 35. Nf6 {[%clk 0:02:45]} Bxf6 {[%clk 0:06:01]} 36. exf6
{[%clk 0:03:14]} h5 {[%clk 0:03:45]} 37. Bh4 {[%clk 0:03:17]} b5 {[%clk 0:02:50]}
38. Kf2 {[%clk 0:02:33]} Be4 {[%clk 0:02:26]} 39. hxg4 {[%clk 0:02:48]} hxg4
{[%clk 0:02:44]} 40. Bg5 {[%clk 0:31:04]} a5 {[%clk 0:32:10]} 41. a3
{[%clk 0:30:47]} Nb8 {[%clk 0:23:27]} 42. Re1 {[%clk 0:22:01]} Nd7
{[%clk 0:18:02]} 43. Rh1 {[%clk 0:20:42]} Nf8 {[%clk 0:18:03]} 44. Rd1
{[%clk 0:16:24]} b4 {[%clk 0:15:02]} 45. axb4 {[%clk 0:15:48]} axb4
{[%clk 0:15:28]} 46. cxb4 {[%clk 0:16:10]} c3 {[%clk 0:15:55]} 47. Rc1
{[%clk 0:15:39]} c2 {[%clk 0:16:12]} 48. b5 {[%clk 0:05:28]} Nd7 {[%clk 0:14:31]}
49. Ke3 {[%clk 0:04:28]} Nc5 {[%clk 0:14:57]} 50. b6 {[%clk 0:04:40]} Ke6
{[%clk 0:15:10]} 51. Bh4 {[%clk 0:04:17]} Kf7 {[%clk 0:15:27]} 52. Be1
{[%clk 0:03:23]} Kxf6 {[%clk 0:12:26]} 53. Bc3+ {[%clk 0:01:28]} Ke6
{[%clk 0:12:24]} 54. Bd4 {[%clk 0:01:54]} Nb7 {[%clk 0:10:23]} 55. Kd2
{[%clk 0:02:18]} Kd5 {[%clk 0:10:48]} 56. Bf2 {[%clk 0:02:02]} Kc6
{[%clk 0:01:45]} 57. g3 {[%clk 0:00:50]} Nd6 {[%clk 0:00:56]} 58. Ra1
{[%clk 0:01:09]} Nc8 {[%clk 0:00:31]} 59. Ra4 {[%clk 0:01:01]} Nd6
{[%clk 0:00:38]} 60. Kc1 {[%clk 0:01:12]} Nb7 {[%clk 0:00:32]} 61. Rc4+
{[%clk 0:00:44]} Kb5 {[%clk 0:00:36]} 62. Rxe4 {[%clk 0:00:47]} fxe4
{[%clk 0:01:03]} 63. f5 {[%clk 0:00:49]} Kc4 {[%clk 0:01:23]} 64. f6
{[%clk 0:00:41]} Kd3 {[%clk 0:01:43]} 65. f7 {[%clk 0:01:04]} Na5
{[%clk 0:02:05]} 66. Be3 {[%clk 0:01:01]} Nb3+ {[%clk 0:01:27]} 67. Kb2
{[%clk 0:01:26]} Kxe3 {[%clk 0:01:52]} 68. Kxc2 {[%clk 0:01:52]} 1-0